000
00336nam a2200145Ia 4500
008
150201s1998 xx 000 0 und d
082
_a
615.8
_b
M98H
100
_a
HOLLIS , MARGRAT
245
_a
MASSAGE FOR THERAPISTS
250
_a
2ND
260
_b
BLACWALL
_c
1998
300
_a
1-164
650
_a
PHYSIOTHERAPY
942
_2
ddc
_c
BK
_0
3
999
_c
1560
_d
1560